Europa mit E - Statistiken

Allgemein
  • Dieses Quiz wurde 173 mal gespielt
  • Das Durchschnittsergebnis liegt bei 17 aus 30
Antwortstatistiken
Hint Antwort % Korrekt
Land in Europa Estland
99%
Fluss, der von Tschechien durch Deutschland in die Nordsee fließt Elbe
94%
er steht in Paris und jeder kennt ihn Eiffelturm
88%
Hauptstadt von Thüringen Erfurt
88%
Hauptstadt Schottlands Edinburgh
86%
der Inbegriff des Physikers überhaupt Albert Einstein
85%
man kennt sie als Sisi, Kaiserin von Österreich, Königin von Ungarn Elisabeth von Österreich-Ungarn
78%
Spanien in der Landessprache Espana
76%
Insel im Mittelmeer, Verbannungsort Napoleons Elba
73%
britischer Schauspieler, geb. 1972, bekannt durch seine Rolle als Luther in der gleichnamigen BBC-Serie Idris Elba
73%
zweiter Bundeskanzler der Bundesrepublik Deutschland Ludwig Erhard
70%
Käse aus den Niederlanden Edamer
68%
Fluss, der durch den Nordwesten Deutschlands zur Nordsee fließt Ems
68%
Hartkäse mit Löchern aus der Schweiz Emmentaler
67%
Bekannter Stadtpark in München Englischer Garten
63%
zweitlängster Fluss der Iberischen Halbinsel Ebro
58%
Berg in den Berner Alpen, dessen Nordwand eine große Herausforderungfür Bergsteiger ist Eiger
53%
Stadt im Süden der Niederlande, Gründungsort des Technikkonzerns Philips Eindhoven
53%
deutscher Energiekonzern mit Sitz in Essen E.ON
51%
Polizeibehörde der EU mit Sitz in Den Haag Europol
51%
deutscher Philosoph, Weggefährte von Karl Marx Friedrich Engels
51%
italienischer Schriftsteller, bekannt durch den Roman "Der Name der Rose" Umberto Eco
43%
eines der größten und bedeutendsten Kunstmuseen weltweit in St. Petersburg Eremitage
29%
zweitgrößte Stadt Finnlands Espoo
29%
zweitlängster Fluss Italiens, mündet in die Adria Etsch
26%
europäische Monarchin, die 70 Jahre und 214 Tage regierte Elizabeth II.
25%
Museum in Rom, ursprünglich Mausoleum für römische Kaiser Engelsburg
13%
schwedischer Konzern für Telekommunikation und Netzwerktechnik Ericsson
13%
größtes OpenAir Museum weltweit, in Berlin East Side Gallery
8%
deutscher Mediziner und Forscher, Bakteriologe, entdeckte das erste Antibiotikum Paul Ehrlich
5%
Keine übereinstimmenden Quizze gefunden
Verteilung der Resultate
Anzahl Personen mit jedem Resultat
Perzentil nach korrekt beantworteten Fragen
Ihre Resultats-Entwicklung
Sie haben dieses Quiz noch nicht gespielt